Science in Veda / (Record no. 35214)

MARC details
000 -LEADER
fixed length control field 03713nam a22004094a 4500
005 - DATE AND TIME OF LATEST TRANSACTION
control field 20100731151944.0
010 ## - LCCN (DPL NO)
LC control number B-406540-556
020 ## - INTERNATIONAL STANDARD BOOK NUMBER
International Standard Book Number 9788170356134
Terms of availability 550.00
035 ## - SYSTEM CONTROL NUMBER
System control number B-406540-556
037 ## - SOURCE OF ACQUISITION
Source of stock number/acquisition Daya Publishing House
082 ## - DEWEY DECIMAL CLASSIFICATION NUMBER
Classification number 215
245 ## - TITLE STATEMENT
Title Science in Veda /
Statement of responsibility, etc edited by D.R. Khanna
260 ## - PUBLICATION, DISTRIBUTION, ETC. (IMPRINT)
Place of publication, distribution, etc Delhi
Name of publisher, distributor, etc Daya Publishing House
Date of publication, distribution, etc 2009
270 ## - ADDRESS
Address 1123/74, Deva Ram Park, Tri Nagar,
City Delhi
Postal code 110035
300 ## - PHYSICAL DESCRIPTION
Extent viii, 184p.
Dimensions 24 cm(Hb)
500 ## - GENERAL NOTE
General note Contributed articles. Includes index.
700 ## - ADDED ENTRY--PERSONAL NAME
Personal name Khanna, D.K.
9 (RLIN) 3535
942 ## - ADDED ENTRY ELEMENTS (KOHA)
Source of classification or shelving scheme Dewey Decimal Classification
Item type English Books
Call number suffix SCI
Classification part 215
Holdings
Withdrawn status Lost status Not for loan Collection code Home library Current library Date acquired Source of acquisition Cost, normal purchase price Full call number Barcode Copy number Cost, replacement price Koha item type
      Non-fiction Andrews Gunj Andrews Gunj 31/07/2010 Daya Pub. House/DPH/22/10-11/24.6.10/8/20.5.10/26.5.10 550.00 215 SCI B-406551 1 550.00 English Books
      Non-fiction Bawana Bawana 31/07/2010 Daya Pub. House/DPH/22/10-11/24.6.10/8/20.5.10/26.5.10 550.00 215 SCI B-406554 1 550.00 English Books
      Non-fiction Central Library Central Library 31/07/2010 Daya Pub. House/DPH/22/10-11/24.6.10/8/20.5.10/26.5.10 550.00 215 SCI B-406540 1 550.00 English Books
      Non-fiction Janak Puri Janak Puri 31/07/2010 Daya Pub. House/DPH/22/10-11/24.6.10/8/20.5.10/26.5.10 550.00 215 SCI B-406547 2 550.00 English Books
      Non-fiction Janak Puri Janak Puri 31/07/2010 Daya Pub. House/DPH/22/10-11/24.6.10/8/20.5.10/26.5.10 550.00 215 SCI B-406548 2 550.00 English Books
      Non-fiction Mobile Library Mobile Library 31/07/2010 Daya Pub. House/DPH/22/10-11/24.6.10/8/20.5.10/26.5.10 550.00 215 SCI B-406541 4 550.00 English Books
      Non-fiction Mobile Library Mobile Library 31/07/2010 Daya Pub. House/DPH/22/10-11/24.6.10/8/20.5.10/26.5.10 550.00 215 SCI B-406542 4 550.00 English Books
  Written-off vide DLB M. No. 383 dt 16.05.19   Non-fiction Mobile Library Mobile Library 31/07/2010 Daya Pub. House/DPH/22/10-11/24.6.10/8/20.5.10/26.5.10 550.00 215 SCI B-406543 4 550.00 English Books
      Non-fiction Mobile Library Mobile Library 31/07/2010 Daya Pub. House/DPH/22/10-11/24.6.10/8/20.5.10/26.5.10 550.00 215 SCI B-406544 4 550.00 English Books
      Non-fiction Narela Narela 31/07/2010 Daya Pub. House/DPH/22/10-11/24.6.10/8/20.5.10/26.5.10 550.00 215 SCI B-406555 1 550.00 English Books
      Non-fiction New Police Line New Police Line 31/07/2010 Daya Pub. House/DPH/22/10-11/24.6.10/8/20.5.10/26.5.10 550.00 215 SCI B-406545 1 550.00 English Books
      Non-fiction Patel Nagar Patel Nagar 31/07/2010 Daya Pub. House/DPH/22/10-11/24.6.10/8/20.5.10/26.5.10 550.00 215 SCI B-406546 1 550.00 English Books
      Non-fiction R.K.Puram-8 R.K.Puram-8 31/07/2010 Daya Pub. House/DPH/22/10-11/24.6.10/8/20.5.10/26.5.10 550.00 215 SCI B-406550 1 550.00 English Books
      Non-fiction Sarojini Nagar Sarojini Nagar 31/07/2010 Daya Pub. House/DPH/22/10-11/24.6.10/8/20.5.10/26.5.10 550.00 215 SCI B-406549 1 550.00 English Books
      Non-fiction Shahdara Branch Shahdara Branch 31/07/2010 Daya Pub. House/DPH/22/10-11/24.6.10/8/20.5.10/26.5.10 550.00 215 SCI B-406556 1 550.00 English Books
      Non-fiction Sriniwas Puri Sriniwas Puri 31/07/2010 Daya Pub. House/DPH/22/10-11/24.6.10/8/20.5.10/26.5.10 550.00 215 SCI B-406552 1 550.00 English Books
      Non-fiction Vinoba Puri Vinoba Puri 31/07/2010 Daya Pub. House/DPH/22/10-11/24.6.10/8/20.5.10/26.5.10 550.00 215 SCI B-406553 1 550.00 English Books

© Delhi Public Library
Hit Counter
free hit counter